Les homonymes dans la langue française - lettre H - Statistiques

Statistiques générales
  • Ce quiz a été pris 197 fois
  • Le résultat moyen est 29 sur 34
Statistiques - réponses
Mot Indice Homonyme % Correct
hère on le respire air
99%
hêtre verbe être
98%
heur 60 minutes heure
98%
haute celui qui accueille hôte
98%
hors métal précieux or
98%
hallo entendu au téléphone allo
97%
han pige an
97%
haret stop arrêt
97%
hélant saut élan
97%
(il) hacha acquisition achat
96%
hére surface aire
95%
haut liquide eau
94%
hère longue période ere
94%
hyène monnaie du Japon yen
94%
hôtel dans une église autel
92%
han dans en
92%
hauteur père auteur
91%
haras perroquet ara
89%
houe plante houx
87%
halètement nourrir au sein allaitement
86%
hâlé dans le jardin allée
86%
hantant jadis antan
86%
heur choc heurt
85%
haine partie du corps aine
84%
hutte vieux do ut
84%
hanche accordéon anche
82%
haie mal aie
80%
hache plante ache
77%
hure auroch ure
73%
hospice augure auspice
71%
haleine poinçon de cordonnier alène
53%
haut épice au pluriel aulx
49%
hélant animal éland
44%
hache herbe hasch
22%
Aucun quiz correspondant
Distribution des résultats
% des personnes avec chaque résultat
Percentile par nombre de réponses
Votre historique - résultats
Vous n’avez pas pris ce quiz